Far-Eastern art / (Record no. 9726)
[ view plain ]
| 000 -LEADER | |
|---|---|
| fixed length control field | 00808cam a2200265 4500 |
| 001 - CONTROL NUMBER | |
| JCCL Control Number | 9726 |
| 003 - CONTROL NUMBER IDENTIFIER | |
| JCCL marc code | BD-JhCC |
| 005 - DATE AND TIME OF LATEST TRANSACTION | |
| control field | 20221107134024.0 |
| 008 - FIXED-LENGTH DATA ELEMENTS--GENERAL INFORMATION | |
| fixed length control field | 180324s1969 enka 001 0 eng |
| 035 ## - SYSTEM CONTROL NUMBER | |
| system control number | (BD-JhCC)9726 |
| 040 ## - CATALOGING SOURCE | |
| Original cataloging agency | DLC |
| Transcribing agency | DLC |
| Modifying agency | DLC |
| -- | BD-JhCC |
| 041 1# - LANGUAGE CODE | |
| Language code of Book | engger |
| 050 00 - LIBRARY OF CONGRESS CALL NUMBER | |
| Classification number | ND1037 |
| Item number | .H413 |
| 082 00 - DEWEY DECIMAL CLASSIFICATION NUMBER | |
| Classification number | 759.95 |
| Author mark and Year | HET 1969 |
| 100 2# - MAIN ENTRY--PERSONAL NAME | |
| Personal name | Hetl-Kuntze, H. |
| 245 10 - TITLE STATEMENT | |
| Title | Far-Eastern art / |
| Statement of responsibility, etc | [by] H. Hetl-Kuntze; |
| 260 ## - PUBLICATION, DISTRIBUTION, ETC. (IMPRINT) | |
| Place of publication, distribution, etc | London : |
| Name of publisher, distributor, etc | Thames & Hudson, |
| Date of publication, distribution, etc | 1969. |
| 300 ## - PHYSICAL DESCRIPTION | |
| Pagination | 149 p. |
| Other physical details | 105 col. illus. |
| Dimensions | 17 cm. |
| 350 ## - PRICE (NR) (BK AM CF MU VM SE) [OBSOLETE] | |
| Price | 12/6 |
| 440 #4 - | |
| Title | The Dolphin history of painting: |
| Volume number/sequential designation | v. 6 |
| 500 ## - GENERAL NOTE | |
| General note | "Originally published as part of one volume by H. L. C. Jaffé entitled 20,000 years of world painting." |
| 650 #0 - SUBJECT ADDED ENTRY--TOPICAL TERM | |
| Topical term or geographic name as entry element | Painting, Chinese. |
| 650 #0 - SUBJECT ADDED ENTRY--TOPICAL TERM | |
| Topical term or geographic name as entry element | Painting, Japanese. |
| 942 ## - ADDED ENTRY ELEMENTS (KOHA) | |
| Source of classification or shelving scheme | Dewey Decimal Classification |
| Koha item type | Books |
| Koha issues (borrowed), all copies | 1 |
| Source of classification or shelving scheme | Damaged status | Not for loan | Home library | Current library | Shelving location | Total Checkouts | Full call number | Barcode | Date last seen | Date checked out | Copy number | Koha item type |
|---|---|---|---|---|---|---|---|---|---|---|---|---|
| Dewey Decimal Classification | JCC Rouf Library | JCC Rouf Library | General Stacks | 1 | 759.95 HET 1969 | 12795 | 11/14/2022 | 11/06/2022 | C - 1 | Books |